|
|
|
|
| LEADER |
00000nam0a2200000 4500 |
| 001 |
119642 |
| 005 |
20231031124701.0 |
| 010 |
|
|
|a 5020286184
|
| 020 |
|
|
|a RU
|b 89-65745
|
| 035 |
|
|
|a (RuTPU)RU\TPU\book\129498
|
| 090 |
|
|
|a 119642
|
| 100 |
|
|
|a 20070724d1989 km y0rusy5003 ca
|
| 101 |
0 |
|
|a rus
|
| 102 |
|
|
|a RU
|
| 105 |
|
|
|a a z 001zy
|
| 200 |
1 |
|
|a Электромагнитные прессы
|f Н. П. Ряшенцев, Г. Г. Угаров, А. В. Львицын
|g Академия наук СССР (АН СССР), Сибирское отделение (СО), Институт горного дела (ИГД) ; под ред. Ю. З. Ковалева
|
| 210 |
|
|
|a Новосибирск
|c Наука
|c Сиб. отд-ние
|d 1989
|
| 215 |
|
|
|a 215,[1] с.
|c ил.
|
| 320 |
|
|
|a Библиогр.: с. 207-214 (174 назв.).
|
| 610 |
1 |
|
|a прессы штамповочные электромагнитные
|
| 610 |
1 |
|
|a штамповка металлов холодная
|
| 610 |
1 |
|
|a автоматизация
|
| 610 |
1 |
|
|a прессовое оборудование
|
| 610 |
1 |
|
|a проектирование
|
| 610 |
1 |
|
|a электромагнитные приводы
|
| 675 |
|
|
|a 621.979
|z rus
|
| 700 |
|
1 |
|a Ряшенцев
|b Н. П.
|g Николай Павлович
|4 070
|
| 701 |
|
1 |
|a Угаров
|b Г. Г.
|g Геннадий Григорьевич
|
| 701 |
|
1 |
|a Львицын
|b А. В.
|g Анатолий Владимирович
|
| 702 |
|
1 |
|a Ковалев
|b Ю. З.
|4 340
|
| 712 |
0 |
2 |
|a Академия наук СССР (АН СССР)
|b Сибирское отделение (СО)
|b Институт горного дела (ИГД)
|c (Новосибирск)
|2 stltpush
|3 (RuTPU)RU\TPU\col\11352
|
| 801 |
|
0 |
|a RU
|b RuMRKP
|c 19950417
|g psbo
|
| 801 |
|
1 |
|a RU
|b 63413507
|c 20070724
|g PSBO
|
| 801 |
|
2 |
|a RU
|b 63413507
|c 20080922
|g PSBO
|
| 942 |
|
|
|c BK
|